Jak dobrze znasz Skoki Narciarskie? [QUIZ] - Statystyki

Ogólne statystyki
  • Ten quiz został rozwiązany 680 razy
  • Średni wynik to 20 z 32
Statystyki odpowiedzi
Zagadnienie Odpowiedź % Poprawnych
Kto jest oficjalnym rekordzistą długości w Skokach? Stefan Kraft
97%
Ile punktów skoczek zdobywa za 1. a ile za 30. miejsce w konkursie Pucharu Świata? 100 pkt, 1 pkt
93%
Co jest dokładnie wliczane do ogólnej oceny skoczka? Punkty za odległość, Nota za styl, Bonus za wiatr, Bonus za belkę
93%
[ŁATWY] Który skoczek wygrywał najwięcej konkursów w historii Pucharu Świata? Gregor Schlierenzauer
87%
Co się dzieje w sytuacji gdy podczas konkursu jury podniesie belkę o 1 stopień w górę? Zawodnik utrzymuje w nocie za to - punkty
86%
Jaka Reprezentacja wygrywała najwięcej konkursów drużynowych w Pucharze Świata? Austria
84%
Jaką nosi ksywkę Piotr Żyła? Wiewiór
84%
Który skoczek jest rekordzistą pod względem ilości występów w Pucharze Świata? Noriaki Kasai
83%
Czy zdarzyło się kiedykolwiek tak, żeby 2 zawodnicy mieli taką sama liczbę punktów na końcu sezonu Pucharu Świata? Tak
81%
[TRUDNY] Który zawodnik jako jedyny zdobył wszystko indywidualnie w Skokach? ( Złoto z IO, Złoto z Mistrzostw Świata, Złoto z Mistrzostw Świata w Lotach, Kryształową Kulę, Turniej Czterech Skoczni ) Matti Nykanen
78%
Tylko 3 skoczków wygrało wszystkie konkursy w jednym Turnieju Czterech Skoczni. Kto to był dokładnie? Ryoyu Kobayashi, Sven Hannawald, Kamil Stoch
76%
Jaki skoczek jako pierwszy osiągnął odległość 250 metrów? Peter Prevc
75%
Czy polskim skoczkom udało się kiedykolwiek uzupełnić całe podium w konkursie Pucharu Świata? Nie
74%
Jaki skoczek zdobył najwięcej indywidualnie złotych medali z IO? Simon Ammann
74%
Tylko 2 skoczkom udało się zdobyć w karierze aż 4 Kryształowe Kule. Którzy tego dokonali? Adam Małysz i Matti Nykanen
67%
Który skoczek narciarski wygrywał najwięcej razy Turniej Czterech Skoczni? Janne Ahonen
62%
W którym miejscu pokazana jest odległość na ekranie podczas konkursu (chwilę po wylądowaniu skoczka) ? Lewym dolnym rogu
59%
Pewnie każdy zna ten ikoniczny moment w skokach, gdzie komentator Włodzimierz Szaranowicz wykrzyknął słowa po skoku Adama Małysza: ,,102 metry!". A jaki konkurs się wtedy odbywał? Mistrzostwa Świata w Sapporo 2007
56%
[BARDZO TRUDNY] Jaki skoczek jest rekordzistą pod względem największą notą w konkursie za 2 skoki ( poza lotami ) Stefan Kraft
55%
[ŚREDNI] Wiadomo, że Adam Małysz jest rekordzistą pod względem ilości złotych medali na Mistrzostwach Świata ( zdobył 4 razy ), a który z polskich skoczków zdobył ich najwięcej po Małyszu? Piotr Żyła
54%
Który polski skoczek narciarski zdobył Złoto Mistrzostw świata w Lotach? Nikt nie zdobył
53%
Jaki polski skoczek wygrał jako pierwszy konkurs Pucharu Świata? Stanisław Bobak
53%
Czy Ryoyu Kobayashi jest pierwszym reprezentantem Japonii, który zdobył Kryształową Kulę? Tak
48%
Jaki skoczek jako pierwszy osiągnął odległość 200 metrów? Toni Nieminen
43%
Który z skoczków stawał najwięcej razy na podium z rzędu w konkursach Pucharu Świata? Janne Ahonen
39%
Który skoczek stawał najwięcej razy na podium w konkursach Pucharu Świata? Janne Ahonen
38%
W jakim kraju nie odbył się nigdy konkurs Pucharu Świata? Chiny
37%
Ile razy Reprezentacja Polski wygrywała konkursy drużynowe? 8
35%
Jaki skoczek przekroczył jako pierwszy w historii granicę 100 metrów? Josef Bradl
32%
Kto jako pierwszy z polskich skoczków ustanowił rekord świata w długości skoku? Stanisław Marusarz
32%
Kto jest najmłodszym zwycięzcą w konkursie Pucharu Świata? Steve Collins
32%
W którym roku odbył się 1. sezon Pucharu Świata? 1977
15%
Nie znaleziono quizów pasujących do podanych kryteriów
Rozkład punktacji
Procent ludzi z każdym wynikiem
Percentyl według liczby udzielonych odpowiedzi
Twoja historia wyników
Nie rozwiązałeś tego quizu